[Event "Eurotel Trophy sim"]
[Site "Prague"]
[Date "2001.10.18"]
[Round "1"]
[White "Hracek, Zbynek"]
[Black "Kasparov, Garry"]
[Result "1/2-1/2"]
[WhiteElo "2610"]
[BlackElo "2838"]
[Annotator "Hracek,Z"]
[PlyCount "79"]
[EventDate "2001.10.18"]
[EventType "simul"]
[EventRounds "1"]
[EventCountry "CZE"]
[SourceTitle "CBM 086"]
[Source "ChessBase"]
[SourceDate "2002.02.05"]
[SourceVersion "1"]
[SourceVersionDate "2002.02.05"]
[SourceQuality "1"]

1. d4 $5 d5 2. c4 c6 3. Nc3 Nf6 4. e3 a6 5. Qc2 g6 6. Bd3 Bg7 7. Nf3 O-O 8. O-O
Bg4 9. Ne5 Be6 10. c5 $5 Nbd7 11. Nxd7 (11. f4 Nxe5 12. fxe5 Ng4 $13 (12... Nd7
13. e4)) 11... Qxd7 12. Na4 (12. Bd2 $142 Bf5 13. Bxf5 gxf5 14. Ne2 Kh8 (14...
Ne4 15. Be1 $14) (14... Bh6 15. f3 Kh8 16. Nf4 $14) 15. Nf4 Rg8 16. f3 Bh6 17.
Nd3 Rg7 18. b4 Rag8 19. Rf2 e6 20. a4 $14) 12... Rae8 13. Nb6 Qc7 14. b4 (14.
Bd2 Nd7 (14... Ng4 $5 15. f4 Nh6 16. b4 Bf5 17. a4 e6 18. b5 $13) 15. Nxd7 (15.
Ba5 $5 Nxb6 16. Bxb6 Qc8 17. f4 Bf5 18. Bxf5 gxf5 $11 (18... Qxf5 19. Qxf5 gxf5
$11)) 15... Bxd7 16. f4 f6 17. f5 $5 gxf5 18. Rxf5 $1 e5 $1 (18... Bxf5 19.
Bxf5 $36) (18... e6 19. Rh5 f5 20. Rf1 $36) 19. Rf2 f5 (19... e4 20. Be2 f5 (
20... Qc8 21. Raf1 Bg4 22. Bxg4 Qxg4 23. Rf5 $14) 21. Raf1 Bh6 $13 22. Qc3) 20.
Qc3 $13) 14... Nd7 15. Nxd7 Bxd7 16. f4 f6 17. e4 $6 (17. Bd2 e5 18. a4 exd4
19. exd4 f5 20. Qc3 $11) 17... dxe4 18. Bxe4 f5 $1 (18... Be6 $2 19. f5 gxf5
20. Rxf5 $40) 19. Qc4+ Kh8 20. Bf3 Rd8 (20... Qc8 21. Re1) 21. Be3 Be8 (21...
Qc8 $1 22. a4 (22. Rad1 Be6 23. d5 $2 Bxd5 24. Bxd5 cxd5 25. Rxd5 Qe6 $19)
22... Be6 23. Qc3 Bd5 24. Be2 $1 Qe6 $15 (24... Rd7 25. b5 $11)) 22. Rad1 Bf7
23. d5 Qd7 $2 (23... cxd5 24. Bxd5 Bxd5 25. Rxd5 Rxd5 26. Qxd5 Rd8 27. Qe6 (27.
Qc4 Qc6 (27... Qd7 28. Rc1 Qa4 29. h3 $11)) 27... Qc6 (27... Qd7 28. Qxd7 Rxd7
29. Rc1 $11) 28. Qxc6 bxc6 29. Kf2 Rd3 30. a4 Ra3 (30... Bd4 31. Re1 Bxe3+ 32.
Rxe3 Rd4 33. g3 Rxb4 34. Rxe7 $11) 31. Rd1 Kg8 32. Rd8+ Kf7 33. a5 Bc3 34. Ra8
Bxb4 35. Rxa6 Rxa5 36. Rxc6 $11) 24. Bd4 $2 (24. dxc6 $3 $18 Qxd1 25. Rxd1
Rxd1+ 26. Bxd1 Bxc4 27. cxb7 e5 (27... Bd5 28. Bf3 $18) 28. Bb3 $3 {(J.
Smejkal)} (28. c6 $5 Bd5 29. Ba4 exf4 30. Bxf4 Bd4+ 31. Kf1 Re8 $1 (31... Ba7
32. Bb3 $18) 32. g4 Bc4+ 33. Kg2 Bd5+ $1 (33... Re2+ 34. Kf3 fxg4+ 35. Kxg4 h5+
36. Kh4 Bf6+ 37. Kh3 $18) 34. Kg3 (34. Kh3 fxg4+ 35. Kxg4 h5+ 36. Kh3 g5 37.
b8=Q Rxb8 38. Bxb8 Bxa2 $14) 34... g5 35. Bxg5 Rg8 (35... Be5+ 36. Bf4 Bxf4+
37. Kxf4 $16) 36. Kf4 fxg4 37. Be7 h5 38. Bd6 Ba7 $13) 28... Bb5 (28... exf4
29. Bxf4 Bd4+ 30. Kh1 $18) 29. Bd5 Re8 (29... Bh6 30. c6 Bxc6 31. Bxc6 Bxf4 32.
Ba7 e4 33. Bd4+ $1 Kg8 34. Bd5+ $18) (29... Rd8 30. c6 $18) (29... g5 30. c6
Bxc6 31. Bxc6 exf4 32. Bc5 Rd8 33. Be7 Rb8 34. Bd6 Bd4+ 35. Kf1 Ba7 36. a4 Kg7
37. b5 axb5 38. axb5 Rg8 39. Bc7 Bb8 40. b6 Kf6 41. Bd7 $18) 30. h3 Rd8 (30...
Bf8 31. fxe5 Bg7 32. Bd4 $18) (30... g5 31. c6 $18) 31. c6 Bxc6 32. Bxc6 exf4
33. Bxf4 Bd4+ 34. Kf1 Ba7 35. Bc7 Rb8 (35... Rd1+ 36. Ke2 Rc1 37. Be5+ Kg8 38.
Bd5+ Kf8 39. b8=Q+ Bxb8 40. Bxb8 $18) 36. a4 Kg7 37. b5 axb5 38. axb5 Rf8 39.
b6 Bb8 40. Bd7 $18) 24... Bxd5 $11 25. Bxd5 cxd5 26. Qc3 Bf6 27. Rfe1 Kg8 28.
Qb3 Bxd4+ 29. Rxd4 e6 30. a4 Rc8 31. a5 Qg7 32. Re5 Rce8 33. Qe3 Qd7 34. h3 Kf7
35. Qe1 h6 36. Kh2 Qd8 37. Qe2 Qd7 38. Qe1 Qd8 39. Qe2 Qd7 40. Qe1 1/2-1/2

[Event "Pamplona 9899 9th"]
[Site "Pamplona"]
[Date "1998.12.29"]
[Round "3"]
[White "Illescas Cordoba, Miguel"]
[Black "Morozevich, Alexander"]
[Result "0-1"]
[WhiteElo "2605"]
[BlackElo "2625"]
[Annotator "Huebner,R"]
[PlyCount "68"]
[EventDate "1998.12.27"]
[EventType "tourn"]
[EventRounds "9"]
[EventCountry "ESP"]
[EventCategory "13"]
[SourceTitle "CBM 069"]
[Source "ChessBase"]
[SourceDate "1999.04.01"]
[SourceVersion "1"]
[SourceVersionDate "1999.04.01"]
[SourceQuality "1"]

1. d4 d5 2. c4 c6 3. e3 Nf6 4. Bd3 e5 5. Nc3 e4 6. Bc2 Bd6 7. f3 exf3 8. Nxf3
O-O 9. O-O Re8 10. Bd3 h6 11. Qb3 b6 12. cxd5 cxd5 13. Kh1 Be6 14. Qa4 Nbd7 15.
Qa6 Rc8 16. Bd2 Ne4 17. Qxa7 Ra8 18. Qb7 Ndc5 19. dxc5 Nxc5 20. Qc6 Nxd3 21.
Qb5 $2 (21. Nb5 Be5 22. Nxe5 Nxe5 23. Qc7 Nc4 24. Bc3 Nxe3 25. Rf3 {führt zu
einer unklaren Lage.}) 21... Nc5 22. Rad1 Bc8 $19 23. Nxd5 Ba6 24. Qxb6 Bxf1
25. Rxf1 Rxa2 26. Qxd8 Rxd8 27. Bc3 Ne4 28. Bd4 Bc5 29. Nc3 Nxc3 30. bxc3 Bxd4
31. Nxd4 Rc8 32. Nb5 Rc5 33. Nd6 Rxc3 34. h3 Rcc2 0-1

[Event "NED-ch54"]
[Site "Rotterdam "]
[Date "1999.05.31"]
[Round "3"]
[White "Nikolic, Predrag"]
[Black "Van Wely, Loek"]
[Result "1-0"]
[WhiteElo "2633"]
[BlackElo "2632"]
[Annotator "Huebner,R"]
[PlyCount "71"]
[EventDate "1999.05.29"]
[EventType "tourn"]
[EventRounds "11"]
[EventCountry "NED"]
[EventCategory "12"]
[SourceTitle "CBM 072"]
[Source "ChessBase"]
[SourceDate "1999.10.01"]
[SourceVersion "1"]
[SourceVersionDate "1999.10.01"]
[SourceQuality "1"]

1. d4 d5 2. c4 c6 3. Nc3 dxc4 4. e4 b5 5. a4 b4 6. Nce2 {Für diesen Zug habe
ich keinen Vorgänger gefunden. Weiß vermeidet es, den Springer auf dem
abseitigen Feld a2 aufzustellen; er bringt ihn zum Königsflügel, wo er
möglicherweise bei einem Königsangriff gute Dienste leisten kann. Die Vorteile
des Zuges liegen darin, daß Weiß seine Figuren schneller mobilisieren kann;
der Rückgewinn des Bauern bereitet keine Schwierigkeiten. Die Nachteile des
Zuges bestehen darin, daß der Springer auf g3 doch weniger wirksam steht. Von
a2 aus kann er über c1 nach b3 gebracht werden; dort übt er Druck auf den
geschwächten Damenflügel des Schwarzen aus. Die beiden Züge dürften etwa
gleichwertig sein; es ist aber immer wirksam, in einer frühen Phase der Partie
von den bekannten, tausendmal betretenen Pfaden abzuweichen und etwas ganz
Neues zu spielen.} e6 (6... Nf6 {ist hier unwirksam, denn Weiß kann} 7. Ng3 {
antworten.}) (6... e5 {ist nicht ganz befriedigend:} 7. Nf3 (7. dxe5 Qxd1+ 8.
Kxd1 Nd7 9. Nf3 Nc5 {mit besserem Spiel für Schwarz.}) 7... exd4 8. Nexd4 Ba6 (
8... c5 9. Bxc4) 9. Qc2 {mit Vorteil für Weiß.}) 7. Nf3 c5 ({In Betracht kommt
} 7... Ba6 {, zum Beispiel} 8. Ng3 Nd7 9. Nd2 (9. b3 c5 10. d5 exd5 11. exd5
Nb6 {ist ungünstig für Weiß.}) 9... c5 10. Nxc4 cxd4 11. Qxd4 Nc5 {, und
Schwarz hat keine Sorgen.}) 8. Ng3 cxd4 9. Bxc4 Ba6 (9... Bc5 {sieht
befriedigend für Schwarz aus.}) 10. Qd3 Qc8 (10... Bxc4 11. Qxc4 Nd7 {ist eine
einfache und gesunde Fortsetzung.}) 11. Bb5+ Bxb5 12. Qxb5+ Nd7 13. Nxd4 a6 14.
Qe2 Nc5 15. O-O Qb7 16. Re1 Nf6 17. Bg5 Nfd7 (17... Be7 {kommt in Betracht.
Nach} 18. Bxf6 (18. e5 Nd5 19. Bxe7 Nf4 $11) (18. Ndf5 {(vorgeschlagen von J.
van der Wiel in "Schach" 7/1999, S.38) ist zu verwegen} exf5 19. Nxf5 Kf8 (
19... Ne6 {wird mit} 20. e5 {beantwortet.}) 20. Nxe7 Qxe7 21. e5 h6 22. Bh4 g5
{, und Schwarz gewinnt.}) 18... Bxf6 19. e5 Be7 20. Nh5 g6 (20... O-O {ist
schwächer:} 21. Qg4 g6 22. Nf6+ Bxf6 (22... Kg7 23. Re3) 23. exf6 Rac8 24. Qh4
{mit Angriffsmöglichkeiten für Weiß.}) 21. Nf6+ Kf8 22. Qg4 h5 {steht Schwarz
gut.}) 18. Rad1 g6 $6 ({Nach} 18... h6 19. Bc1 Nxa4 {ist es für Weiß nicht
leicht, eine überzeugende Angriffsfortsetzung zu finden.} ({Nach} 19... Be7 20.
b3 Bf6 21. Bb2 {steht Weiß meines Erachtens etwas besser.})) 19. e5 Bg7 20. Nf3
h6 21. Bf4 a5 {Schwarz überhastet sich nicht. Plausibler sieht jedoch} (21...
Nb6 {aus, um den Springer nach d5 zu überführen.}) 22. h4 h5 23. Qe3 Nxa4 {
Zum gegenwärtigen Zeitpunkt ist dieses Schlagen riskant, weil dem Springer g3
das Prachtfeld e4 eingeräumt wird; einen zwingenden Weg für Weiß, Vorteil zu
erreichen, habe ich jedoch auch nach diesem Zuge nicht entdecken können.
Indessen scheint mir} (23... Rc8 {gesünder auszusehen: Schwarz bereitet
wiederum das Manöver Sd7-b6-d5 vor.}) 24. Ne4 O-O 25. Bh6 Nxb2 $2 {Die
unglückliche Stellung dieses Springers wird dem Weißen Möglichkeiten zu
entscheidenden taktischen Wendungen geben.} (25... Rad8 {scheint mir ein
plausibler Verteidigungszug zu sein.} 26. Rd4) ({Nach} 25... Rfd8 {(J. van der
Wiel, "Schach" 7/1999, S.38)} 26. Bxg7 Kxg7 27. Nd6 Qa7 28. Qf4 Rf8 29. Ng5 {
hat Schwarz Sorgen mit der Verteidigung des Punktes f7.}) (25... Nxe5 {(J. van
der Wiel, "Schach" 7/1999, S.38) scheitert an} 26. Nxe5 Bxe5 27. Qg5 Bg7 (27...
Bxb2 28. Nf6+ Kh8 29. Bxf8 {führt zum Matt.}) 28. Nf6+ Kh8 29. Rd7 Qc6 30. Qxg6
{nebst matt.}) (25... Nab6 {mit der bekannten Idee, den Springer nach d5 zu
überführen, verdient ebenfalls Beachtung.}) 26. Rd4 {Jetzt droht Weiß, mit 27.
Lg7: nebst 28.Dd2 eine Figur zu gewinnen.} ({Nach} 26. Rxd7 Qxd7 27. Nf6+ Bxf6
28. exf6 {hat Schwarz die Verteidigung} Qd3 {(J. van der Wiel, loc. cit.)})
26... Na4 (26... Nxe5 {rettet auch hier den Schwaerzen nicht:} 27. Nxe5 Bxe5
28. Qg5 (28. Nc5 {ist schwächer:} Qc7 29. Qxe5 (29. Rd7 {scheitert an} Nc4) ({
Die Fortsetzung} 29. Nd7 Bxd4 30. Qxd4 Qc3 31. Qxc3 bxc3 32. Nxf8 Rxf8 33. Bxf8
Kxf8 {braucht Schwarz jedenfalls nicht zu fürchten.}) 29... Qxe5 30. Rxe5 Rfc8
{mit unklarer Stellung.}) 28... Kh7 29. Qxe5 Kxh6 30. Nf6 Qb8 (30... Na4 31.
Qf4+ Kg7 32. Nxh5+ Kh7 33. Rd7 {mit entscheidendem Angriff.}) 31. Qg5+ Kg7 32.
Nxh5+ Kh7 (32... Kg8 33. Qf6 gxh5 34. Qg5+ {nebst matt.}) 33. Qf6 gxh5 34. Rxe6
{, und Weiß gewinnt.}) (26... Nb6 27. Nf6+ Bxf6 (27... Kh8 28. Nxh5 {führt zu
einem raschen Sieg für Weiß.}) 28. exf6 {läßt Schwarz ebenfalls ohne
Verteidigung gegen die Drohung Lh6-g7 nebst De3-h6.}) 27. Rxd7 Qxd7 28. Nf6+
Bxf6 29. exf6 {Jetzt gibt es keine zureichende Verteidigung gegen die Drohung
Lh6-g7 nebst De3-h6.} Qa7 ({Auf} 29... Qd5 {folgt} 30. Bxf8 Kxf8 31. Qh6+ Ke8
32. Ne5 Qd6 33. Nxf7 Qf8 34. Rxe6+ Kd7 35. Re7+ {, und Weiß gewinnt.}) 30. Qg5
Qc5 31. Re5 Rfc8 32. Rxc5 Rxc5 33. Ne5 Rxe5 34. Qxe5 b3 35. Bc1 Rc8 36. Qf4 1-0

[Event "Sarajevo Bosnia 29th"]
[Site "Sarajevo"]
[Date "1999.05.24"]
[Round "7"]
[White "Kasparov, Garry"]
[Black "Morozevich, Alexander"]
[Result "1-0"]
[WhiteElo "2812"]
[BlackElo "2723"]
[Annotator "Huebner,R"]
[PlyCount "109"]
[EventDate "1999.05.17"]
[EventType "tourn"]
[EventRounds "9"]
[EventCountry "BIH"]
[EventCategory "19"]
[SourceTitle "CBM 071"]
[Source "ChessBase"]
[SourceDate "1999.08.01"]
[SourceVersion "1"]
[SourceVersionDate "1999.08.01"]
[SourceQuality "1"]

{[%mdl 2]} 1. d4 d5 2. c4 c6 3. Nc3 Nf6 4. e3 a6 5. Qc2 b5 6. b3 Bg4 7. Nge2
Nbd7 8. Nf4 (8. h3 Bh5 9. Nf4 Bg6 10. Nxg6 hxg6 11. Be2 e6 12. O-O Rc8 13. Rd1
Bd6 14. Bf3 Nh7 15. e4 Ng5 16. Qe2 Bb4 17. Nb1 Nxf3+ 18. Qxf3 bxc4 19. bxc4 Nb6
20. exd5 cxd5 21. c5 Nc4 22. Bd2 Ba5 23. Bc3 {1/2-1/2 Savchenko,S-Belikov,V/
RUS Army-ch 1995/CBM 48 (23)}) 8... e5 {Danach erhält Schwarz eine ungünstigen
Bauernstruktur.} (8... e6 {war solider.}) 9. dxe5 Nxe5 10. h3 Be6 11. Be2 Bd6
12. O-O O-O 13. Bb2 Ng6 14. Nxg6 hxg6 15. cxd5 cxd5 16. Bf3 Rc8 17. Qd2 Bb8 18.
Rfd1 Qc7 19. g3 Rfd8 20. Rac1 Qd7 21. h4 Ba7 22. Ne2 Rxc1 23. Qxc1 Bg4 24. Bxg4
Qxg4 25. Bxf6 gxf6 26. Rd2 Re8 27. Qd1 Qf3 28. Nf4 Qxd1+ {Jetzt muß Schwarz
das Endspiel mit einem Bauern weniger bestreiten.} (28... Rxe3 {genügt
indessen auch nicht:} 29. Qxf3 (29. fxe3 {führt zum Remis:} Qxg3+ 30. Kf1 (30.
Kh1 Bxe3 31. Nxd5 Qxh4+ 32. Rh2 Qe4+ 33. Rg2 Qh4+ {ergibt Dauerschach.}) 30...
Qxe3 (30... Bxe3 31. Nxd5 Bxd2 32. Qxd2 Qxh4 {ist weniger klar.}) 31. Nxd5 Qg1+
32. Ke2 Qg2+ $11) 29... Rxf3 30. Kg2 Rc3 (30... Rxf4 31. gxf4 d4 32. Kf3 f5 33.
Rc2 {ist gänzlich hoffnungslos für Schwarz.}) 31. Nxd5 Rc1 32. Nxf6+ Kg7 33.
Ne4 {Die Drohung 34.Td7 nebst 35.Sg5 ist äußerst lästig für Schwarz.}) 29. Rxd1
d4 30. exd4 Rd8 31. d5 Bb8 32. Ne2 Kg7 33. Kg2 f5 34. Kf3 Bd6 35. Nf4 Rd7 (
35... Rc8 {sieht besser aus.}) 36. Ng2 Bb8 37. Ne3 Ba7 38. h5 Bc5 {Es ist
schwierig, etwas Besseres vorzuschlagen, zum Beispiel:} (38... Bxe3 $2 39. Kxe3
gxh5 40. Kd4 $18) (38... gxh5 39. Nxf5+ Kf6 40. Kf4 Bxf2 $2 41. Rc1 $18) (38...
Kf6 39. h6 $18) 39. a4 bxa4 {Schwarz macht dem Springer des Gegners das Feld
c4 zugänglich. Vermutlich helfen aber auch andere Versuche nicht, zum Beispiel:
} (39... Kh6 40. g4 (40. hxg6 fxg6 41. Ng2 g5 {ist weniger überzeugend.}) 40...
Bxe3 41. fxe3 fxg4+ 42. Kxg4 gxh5+ 43. Kf5 bxa4 44. bxa4 h4 45. e4 {, und Weiß
sollte gewinnen.}) 40. bxa4 Bxe3 41. Kxe3 gxh5 42. Kd4 $18 Kf8 43. Rb1 f4 44.
a5 fxg3 45. fxg3 Ke7 46. Rb6 Rd6 47. Kc5 Rg6 48. d6+ Kd7 49. Rb7+ Kc8 50. Rc7+
Kd8 51. Ra7 Rxg3 52. Rxa6 Rc3+ 53. Kb4 Rc1 54. Ra8+ Kd7 55. a6 1-0

[Event "Tilburg Fontys"]
[Site "Tilburg"]
[Date "1996.10.16"]
[Round "5"]
[White "Karpov, Anatoly"]
[Black "Shirov, Alexei"]
[Result "1/2-1/2"]
[WhiteElo "2775"]
[BlackElo "2685"]
[Annotator "Huebner,R"]
[PlyCount "83"]
[EventDate "1996.10.11"]
[EventType "tourn"]
[EventRounds "11"]
[EventCountry "NED"]
[EventCategory "16"]
[SourceTitle "CBM 056"]
[Source "ChessBase"]
[SourceDate "1997.02.01"]
[SourceVersion "1"]
[SourceVersionDate "1997.02.01"]
[SourceQuality "1"]

1. d4 d5 2. c4 c6 3. Nc3 Nf6 4. e3 a6 5. Bd3 b5 6. b3 Bg4 7. Nge2 e6 8. Qc2
Nbd7 9. O-O (9. Nf4 e5 10. h3 exf4 11. hxg4 fxe3 12. Bxe3 dxc4 13. bxc4 Nxg4
14. Bf4 $13 {Poluljahov,A-Maiorov,O, Novorossysk 1995, EXT 95.}) 9... Rc8 10.
Bd2 ({In Betracht kommt} 10. Ng3 $5 bxc4 (10... e5 11. dxe5 Nxe5 12. Bf5 Bxf5
13. Qxf5 Bd6 14. cxd5 g6 (14... cxd5 15. Bb2 {macht keinen Unterschied.}) 15.
Qb1 cxd5 16. Bb2 $14 {Weiß hat einen kleinen, aber sehr dauerhaften Vorteil.})
11. bxc4 c5 12. cxd5 cxd4 (12... Nxd5 13. Nxd5 cxd4 14. Qa4 {ist natürlich
unbefriedigend für Schwarz.}) 13. dxe6 Bxe6 ({Nach} 13... Rxc3 14. exd7+ Nxd7 (
14... Qxd7 15. Qd2 {ist ebenfalls höchst ungemütlich für Schwarz.}) 15. Qb1 Nc5
16. Be2 {hat Schwarz unüberwindliche Schwierigkeiten.}) 14. exd4 Nd5 15. Nge2 {
Schwarz hat keine genügende Kompensation für den aufgegebenen Bauern.}) 10...
c5 $2 ({Richtig war laut A. Shirov ("Schach 12/1996, S.8)} 10... e5 11. f3 (11.
dxe5 Nxe5 12. Bf5 Bxf5 (12... Rc7 13. Bxg4 Nfxg4 14. h3 Nf6 15. Qf5 {
verschafft dem Schwarzen keine Verbesserung.}) 13. Qxf5 Bd6 14. cxd5 cxd5 15.
Rad1 $14 {Der Stellungstypus ist ähnlich wie der, welcher bei der Anmerkung
zum 10. Zuge von Weiß unter A erreicht wird.}) 11... Be6 12. c5 g6 $14 {
war laut Shirov die Absicht von Karpov.}) 11. cxb5 c4 12. bxc4 dxc4 13. Be4
axb5 (13... Nxe4 14. Qxe4 Bxe2 15. Nxe2 axb5 16. Rfb1 $16 {ist nicht
aussichtsreicher für Schwarz.}) 14. f3 Nxe4 15. Nxe4 Bf5 16. a3 (16. Rab1 c3
$13 {Nach dem Textzug ist der Bauer auf b5 nicht zu halten (Shirov, loc. cit.).
}) 16... Be7 17. Rfb1 O-O {Schwarz entschließt sich richtigerweise, seinen
b-Bauern sofort aufzugeben; er hofft, mit seinem freien c-Bauern und dem
Läuferpaar Gegenspiel zu erhalten. Es dauert eine Weile, ehe der a-Bauer des
Weißen gefährlich wird.} ({Nach} 17... Rb8 18. N2c3 b4 19. axb4 Bxb4 (19...
Rxb4 20. Rxb4 Bxb4 21. Nb5 Bxd2 22. Ned6+ $18) 20. Qa4 Bxe4 (20... Qe7 21. Nd5
exd5 22. Bxb4 $18) (20... Bxc3 21. Rxb8 Qxb8 22. Bxc3 $18 {A. Shirov, "Schach"
12/1996, S.8.}) 21. Nxe4 Bxd2 22. Nxd2 Rxb1+ 23. Rxb1 {verliert Schwarz seinen
c-Bauern und verbleibt ohne Gegenspiel in einer hoffnungslosen Lage.}) 18. Rxb5
e5 19. a4 ({Zur Partiefortsetzung führt} 19. Ba5 Qe8 20. a4 exd4 21. exd4 Bg6)
19... exd4 20. exd4 Bg6 21. Ba5 Qe8 22. N2c3 (22. Nf4 $5 {ist viel
naheliegender und wird auch von A.Shirov in "Schach" 12/1996, S.8, angegeben.
Jedoch ist auch nach dem Textzug die Stellung des Weißen überwältigend.}) 22...
Nf6 ({Nach} 22... f5 23. Nf2 Bf6 24. Bb4 Rf7 25. Qd2 {hat Schwarz keine
Möglichkeit, den Druck gegen d4 zu verstärken; seine Stellung ist hoffnungslos.
}) 23. Rd1 (23. Bb6 $5 {kommt in Betracht.}) 23... Qd7 24. Bb4 $2 {Nach diesem
Zug kann Schwarz sich merklich entlasten. Weiß sollte versuchen, sein
Bauernzentrum zur Geltung zu bringen.} ({Die Fortsetzung} 24. d5 Bc5+ 25. Rxc5
Nxe4 (25... Rxc5 26. Nxc5 Qa7 27. Qf2 Qxa5 28. Qd4 $16) 26. Nxe4 (26. Rxc8 $2
Qa7+) 26... Bxe4 27. Qxc4 Rxc5 28. Qxc5 Qxa4 29. Re1 Bf5 30. d6 Be6 31. Bc3 Qf4
{ist nicht ganz überzeugend.}) (24. Bb6 $16 {wird von A. Shirov ("Schach" 12/
1996, S.8) angegeben. Es könnte folgen:} Nxe4 25. Nxe4 (25. fxe4 f5 26. e5 f4
27. Qf2 f3 (27... Bh5 28. e6 {ist nicht wirksamer.}) 28. d5 fxg2 29. Qxg2 Rf5 (
29... Bh5 30. e6 Qe8 31. Bd4 $18) 30. e6 Qd6 31. Ne4 {und das Bauernpärchen
des Weißen sollte den Gewinn sicherstellen.}) 25... Rfe8 26. Qc3 Bf8 {Schwarz
wehrt sich.}) 24... Bxb4 25. Rxb4 Nxe4 (25... Bxe4 26. fxe4 (26. Nxe4 $2 Nd5 {
und das Loch auf e3 macht sich fühlbar.}) 26... Ng4 {(laut Shirov ein
Vorschlag Karpovs in der Analyse)} 27. Qb2 Qd6 28. g3 Ne3 29. Rd2 ({Nach} 29.
Nb5 Nxd1 30. Nxd6 Nxb2 31. Nxc8 c3 32. Ne7+ Kh8 33. Rb7 Nxa4 34. Rc7 Re8 {
dürfte Schwarz überleben können.}) 29... f5 30. e5 Qg6 {gab dem Schwarzen auch
Gegenchancen.}) 26. Nxe4 (26. fxe4 f5 27. e5 f4 (27... Bh5 28. Rd2 f4 29. d5 {
sieht nicht stärker aus.}) 28. Qf2 f3 29. g3 $14 {(A. Shirov, "Schach" 12/1996,
S.8, der die Stellung als "zweischneidig" bezeichnet)} Bd3 {sieht nicht
überzeugend aus.}) 26... c3 $44 {(A. Shirov, loc. cit.)} 27. d5 Rfd8 28. h3 h6
29. Kh1 Qe7 30. Rbd4 Qa3 31. Rb1 Qe7 32. Rc1 Qe5 33. Rcd1 Qb8 34. Rb1 Qe5 35.
Rbd1 Qb8 36. d6 Qb2 37. Rc1 Qa3 38. Qd1 Rc6 39. d7 Rc7 40. Rc2 Bxe4 41. fxe4
Qe7 42. Qf3 1/2-1/2